[Event "Reggio Calabria Province-ch"]
[Site "Calabria"]
[Date "2012.05.06"]
[Round "4"]
[White "Sgro, Valerio"]
[Black "Ferro, Ferruccio"]
[Result "1/2-1/2"]
[WhiteElo "1467"]
[BlackElo "1708"]
[PlyCount "43"]
[EventDate "2012.05.04"]
[EventType "swiss"]
[EventRounds "5"]
[EventCountry "ITA"]
[SourceTitle "EXT 2014"]
[Source "ChessBase"]
[SourceDate "2013.11.20"]
[SourceVersion "1"]
[SourceVersionDate "2013.11.20"]
[SourceQuality "1"]

1. e4 e5 2. Nf3 Nc6 3. Bb5 d6 4. h3 Bd7 5. 0-0 Nf6 6. Nc3 a6 7. Bxc6 Bxc6 8. d3 h6 9. Re1 Be7 10. d4 exd4 11. Nxd4 0-0 12. Nf5 Kh7 13. Qf3 Qd7 14. Nd5 Bxd5 15. exd5 Rae8 16. c4 Bd8 17. Bd2 Re5 18. Ng3 Rfe8 19. Re3 c6 20. dxc6 Qxc6 21. Qxc6 bxc6 22. Rxe5 1/2-1/2

[Event "Reggio Calabria Province-ch"]
[Site "Calabria"]
[Date "2012.05.05"]
[Round "3"]
[White "Sgro, Valerio"]
[Black "Pegna, Giuseppe"]
[Result "1-0"]
[WhiteElo "1467"]
[BlackElo "1386"]
[PlyCount "71"]
[EventDate "2012.05.04"]
[EventType "swiss"]
[EventRounds "5"]
[EventCountry "ITA"]
[SourceTitle "EXT 2014"]
[Source "ChessBase"]
[SourceDate "2013.11.20"]
[SourceVersion "1"]
[SourceVersionDate "2013.11.20"]
[SourceQuality "1"]

1. e4 d5 2. exd5 Qxd5 3. Nc3 Qe5+ 4. Be2 c6 5. Nf3 Qc7 6. 0-0 Nf6 7. d4 g6 8. h3 Bg7 9. Bg5 Nbd7 10. Qd2 0-0 11. Rfe1 Nb6 12. a4 e6 13. Bd3 Nbd5 14. Ne4 Nxe4 15. Bxe4 f6 16. Bxd5 fxg5 17. Bxe6+ Bxe6 18. Rxe6 Qd7 19. Rae1 Rae8 20. Rxe8 Rxe8 21. Rxe8+ Qxe8 22. Qxg5 Qe2 23. Qc5 Bf8 24. Qc3 Bd6 25. g3 Qe7 26. Kg2 h5 27. h4 Kh7 28. Qe3 c5 29. Ng5+ Kg7 30. Ne6+ Kf7 31. Nxc5 Bxc5 32. dxc5 Qxe3 33. fxe3 Ke6 34. c4 Ke5 35. Kf3 a6 36. b4 1-0